期刊信息 |
| 索取号 |
O43/GXJSH
|
| 题名 |
光学技术
|
| 作者 |
光学技术编辑部
|
| 分册号 |
|
| 分册名 |
|
| 出版地 |
北京
|
| 出版者 |
该刊编辑部
|
| 标准刊号 |
1002-1582
|
| 出版频率 |
双月刊
|
| 中图法分类 |
TH74
|
| 主题词 |
光学
|
| 电子资源 | |
| |
|
| 000 | 01383nas0 2200397 45 | |
| 001 | 1196230190 | |
| 005 | 20070618102918.09 | |
| 011 | @a1002-1582@dCNY30.00 | |
| 091 | @aCN@b11-1879 | |
| 092 | @aCN@b2-830@cBM4127 | |
| 100 | @a19961205a19809999me y0chiy0120 eb | |
| 101 | 0 | @achi@deng@eeng |
| 102 | @aCN@b110000 | |
| 110 | @aagaz 0yy0 | |
| 200 | 1 | @a光学技术@AGuang Xue Ji Shu@dOptical technilogy@f光学技术编辑部@FGuang Xue Ji Shu Bian Ji Bu@zeng |
| 207 | 0 | @a1980,no.1(1980,1,20)~=总21~ |
| 210 | @a北京@b北京理工大学(邮码100081)@c该刊编辑部@d1980~ | |
| 215 | @d26cm | |
| 326 | @a双月刊 | |
| 327 | 0 | @a工艺@a测量@a仪器与设计@a自适应@a色度学@a光电技术 |
| 430 | 1 | @12001 @a光学工艺 |
| 510 | 1 | @aOptical technology@zeng |
| 606 | 0 | @a光学 |
| 610 | 0 | @a光学@a技术 |
| 676 | @a681.4@v19 | |
| 676 | @a621.381542@v19 | |
| 690 | @aTH74@v3 | |
| 690 | @aO435@v3 | |
| 690 | @aO43@v4 | |
| 701 | 0 | @a揭德尔@AJie De Er@4主编 |
| 711 | 02 | @a中国兵工学会@AZhong Guo Bing Gong Xue Hui@4主办 |
| 711 | 02 | @a中国兵器工业总公司科技与质量监督局@AZhong Guo Bing Qi Gong Ye Zong Gong Si Ke Ji Yu Zhi Liang Jian Du Ju@4主办 |
| 711 | 02 | @a中国北方光电子工业总公司@AZhong Guo Bei Fang Guang Dian Zi Gong Ye Zong Gong Si@4主办 |
| 711 | 0 | @a光学技术编辑部@AGuang Xue Ji Shu Bian Ji Bu |
| 801 | 0 | @aCN@bPFT@c20070618@gISBD(S) |
| 905 | @a1@cQ@dO43@eGXJSH@v总21~@y1980~ | |
| 光学技术=Optical technilogy/光学技术编辑部.-1980,no.1(1980,1,20)~=总21~.-北京(北京理工大学(邮码100081)):该刊编辑部,1980~ |
| 26cm |
| 继承: |
| 部分内容:工艺;测量;仪器与设计;自适应;色度学;光电技术 |
| ISSN 1002-1582:CNY30.00 |
| ● |
| 相关链接: |
|
|
|
|